000 00893nam0a22002651 4500
001 rc\1040118
005 20250622090204.0
035 _a(NLR Aleph) 006202711
090 _a6284494
_c6284494
100 _a20041129d1981 |||y0rusy50 ca
101 0 _arus
102 _aRU
105 _ay |||||||||
200 1 _aГлобальное моделирование: проблемы и перспективы развития
210 _aКиев
_cИЭ
_d1981
215 _a55 с.
_d20
225 1 _aПрепринт научных докладов
_fАН УССР, Ин-т экономики
300 _aНа обл. авт. не указан
320 _aБиблиогр.: с. 52-55
700 1 _aГончаренко
_bА.Н.
_gАлександр Николаевич
801 0 _aRU
_bNLR
_gpsbo
801 1 _aRU
_bELAR
_2rusmarc
852 _aNLR
_j82-4/17001
942 _cBOOK
980 _aNB